Đang tải...
ഡോൺ ശാന്തമായൊഴുകുന്നു/
| Tác giả chính: | |
|---|---|
| Tác giả khác: | , |
| Định dạng: | Printed Book |
| Được phát hành: |
Kottayam:
National Book Stall,
1957.
|
| Những chủ đề: |
| LEADER | 00636nam a22001817a 4500 | ||
|---|---|---|---|
| 020 | |a 9780000100443 | ||
| 082 | |a 891.734 |b SHO-D | ||
| 100 | |a ഷോളഖോവ്,മിഖായേൽ . | ||
| 245 | |a ഡോൺ ശാന്തമായൊഴുകുന്നു/ | ||
| 260 | |a Kottayam: |b National Book Stall, |c 1957. | ||
| 300 | |a 576p.; | ||
| 650 | |a Russian Literature-Fiction | ||
| 650 | |a Don santhamayozhukunnu | ||
| 700 | |a Sholokhov,Michail. | ||
| 700 | |a Mathew Luke, Tr. | ||
| 942 | |c BK | ||
| 999 | |c 49153 |d 49153 | ||
| 952 | |0 0 |1 0 |4 0 |6 891_734000000000000_SHOD |7 0 |9 62361 |a KU |b KU |d 2017-06-30 |g 400.00 |l 0 |o 891.734 SHO-D |p CL02068 |r 2018-09-14 |y BK | ||